Komparácia údajov z účtovných závierok účtovných jednotiek podnikajúcich na trhu s realitami bakalárska práca

Gespeichert in:
Bibliographische Detailangaben
1. Verfasser: Schönvická, Tatiana
Körperschaft: Fakulta hospodárskej informatiky EU. Katedra účtovníctva a audítorstva
Weitere Verfasser: Užík, Ján, 1969-
Format: Buch
Sprache:Slowakisch
Veröffentlicht: Bratislava 2018
Tags: Tag hinzufügen
Keine Tags, Fügen Sie das erste Tag hinzu!

MARC

LEADER 00000nbm a2200000 4500
001 0245280
005 20181106084335.7
041 0 |a slo 
044 |a SK 
245 1 0 |a Komparácia údajov z účtovných závierok účtovných jednotiek podnikajúcich na trhu s realitami  |b bakalárska práca  |c Tatiana Schönvická ; školiteľ: Ján Užík 
264 1 |a Bratislava  |c 2018 
300 |a 47 s. 
100 1 |a Schönvická, Tatiana 
700 1 |a Užík, Ján, 1969- 
710 2 |a Fakulta hospodárskej informatiky EU. Katedra účtovníctva a audítorstva